Statistics for World Puzzle (Easy - With Empty Map!)

Click here to take the quiz!

General Stats

  • This quiz has been taken 202 times
  • The average score is 17 of 22

Answer Stats

Population Cities % Correct
27.2 mMoscow / Saint Petersburg / Berlin
97%
54.6 mMexico City / New York / Chicago
97%
31.1 mLondon / Paris / Milan
96%
47.7 mCairo / Istanbul / Tehran
93%
15.4 mMadrid / Barcelona / Casablanca
92%
68.1 mTokyo / Ōsaka / Nagoya
91%
32.4 mLos Angeles / San Francisco / Dallas
91%
39.0 mSão Paulo / Rio de Janeiro / Cape Town
90%
103.5 mGuangzhou / Shanghai / Delhi
89%
9.50 mSydney / Brisbane / Auckland
89%
9.39 mSeattle / Vancouver / Calgary
84%
23.9 mLima / Bogotá / Medellín
84%
27.3 mBuenos Aires / Santiago / Porto Alegre
84%
57.2 mJakarta / Bangkok / Kuala Lumpur
83%
7.87 mMelbourne / Perth / Adelaide
83%
35.2 mLagos / Kinshasa / Abidjan
80%
19.5 mJohannesburg / Durban / Maputo
78%
19.3 mLuanda / Dar es Salaam / Nairobi
76%
5.22 mMinneapolis / Winnipeg / Québec
63%
0.73 mPort Moresby / Suva / Townsville
48%
8.11 mHarbin / Novosibirsk / Krasnoyarsk
37%
1.34 mKhabarovsk / Qitaihe / Fujin
8%

Score Distribution

Percentile by Number Answered

Percent of People with Each Score

Your Score History

You have not taken this quiz